| 000 | 00531nam a2200217 a 4500 | ||
|---|---|---|---|
| 999 |
_c7259 _d7259 |
||
| 001 | 7259 | ||
| 003 | BD-JhCC | ||
| 005 | 20180207094958.0 | ||
| 008 | 180207s1961 e a|||| || | 000 0 eng d | ||
| 035 | _a(BD-JhCC)7259 | ||
| 040 |
_aBD-JhCC _dBD-JhCC |
||
| 041 | _aeng | ||
| 082 |
_a823.91 _bROB 1961 |
||
| 100 | _aRobertson, Wilefrid | ||
| 245 |
_aCoaster's Mate / _cWilefrid Robertson, |
||
| 260 |
_aLondon : _bCollins, _c1961 |
||
| 300 |
_a192 p. : _c18 cm. |
||
| 650 | _aShort Stories | ||
| 942 |
_2ddc _cBK |
||